000 00501nmm a2200169Ia 4500
008 251105s9999||||xx |||||||||||||||||und||
020 _a9789562829618
041 _aspa
100 _aCastro, Rodrigo
245 0 _aFoucault y el cuidado de la libertad
264 _a[Santiago de Chile, Chile] :
_bLOM Ediciones,
_c2008
300 _a535 páginas
490 _aCiencias Sociales y Humanas
650 _aPhilosophy, Ethics
856 _uhttps://public.digitaliapublishing.com/a/13240
942 _cCF
999 _c94333
_d94333